[Event "4NCL 2011-12"]
[Site "Sunningdale ENG"]
[Date "2012.02.11"]
[Round "5.58"]
[White "Messam-Sparks, Lateefah"]
[Black "Miranda Gonzalez, Nicole"]
[Result "0-1"]
[WhiteElo "1962"]
[BlackElo "2027"]
[WhiteTeam "White Rose"]
[BlackTeam "Oxford"]
[WhiteFideId "470813"]
[BlackFideId "3405770"]
[EventDate "2011.11.12"]

1. d4 d5 2. c4 c6 3. Nc3 Nf6 4. cxd5 cxd5 5. Nf3 Nc6 6. e3 a6 7. h3 e6 8. a3 Bd6
9. Bd3 O-O 10. Bb1 e5 11. dxe5 Nxe5 12. Nd4 Bd7 13. O-O Rc8 14. Qb3 Nc4 15. Nf5
Be6 16. Nxd6 Qxd6 17. Qd1 Rfd8 18. Qd4 Ne5 19. Rd1 Rc4 20. Qd2 Bxh3 21. f4 Nf3+
22. gxf3 d4 23. Ne4 Nxe4 24. Bxe4 f5 25. Bd3 Qg6+ 26. Kh1 Rc6 27. Qh2 Qh5 28.
Be2 d3 29. Rd2 Rh6 30. Kg1 Rg6+ 31. Kh1 Rg2 32. Qxg2 Bxg2+ 33. Kxg2 Qg6+ 34. Kf2
Qf6 35. Bxd3 Qh4+ 36. Ke2 Qh2+ 37. Kd1 Qg1+ 38. Kc2 Rc8+ 39. Kb3 Rxc1 40. Rxc1
Qxc1 41. Bc4+ Kf8 42. Rd8+ Ke7 43. Rb8 Qd1+ 44. Ka2 Qxf3 45. Rg8 Qg2 46. Rc8 b5
47. Bb3 h6 48. Rc5 g6 49. Re5+ Kd7 50. Re6 a5 51. Re5 a4 52. Bf7 Qe2 53. Be8+
Kd6 54. Bxb5 Qc2 55. Be8 g5 56. Bf7 g4 57. Re6+ Kc5 58. Rxh6 g3 59. Rh8 Qf2 60.
Rc8+ Kd6 0-1

[Event "4NCL 2011-12"]
[Site "Sunningdale ENG"]
[Date "2012.02.11"]
[Round "5.61"]
[White "Hawkins, Jonathan"]
[Black "Mah, Karl C C"]
[Result "1-0"]
[WhiteTitle "IM"]
[BlackTitle "IM"]
[WhiteElo "2480"]
[BlackElo "2419"]
[WhiteTeam "Cheddleton"]
[BlackTeam "Cambridge University"]
[WhiteFideId "412686"]
[BlackFideId "404381"]
[EventDate "2011.11.12"]

1. d4 d6 2. Nf3 Nf6 3. c4 g6 4. Nc3 Bg7 5. g3 O-O 6. Bg2 Nc6 7. O-O Bg4 8. d5
Na5 9. b3 c5 10. Bb2 a6 11. Nd2 Rb8 12. Qc2 b5 13. Rae1 e5 14. f3 Bd7 15. e4 Nh5
16. Ne2 bxc4 17. bxc4 f5 18. Bc3 fxe4 19. fxe4 Qc7 20. Qd3 Bh6 21. Rxf8+ Rxf8
22. Rb1 Nb7 23. Bf3 Nd8 24. Nf1 Nf7 25. h4 Nf6 26. Ne3 Qc8 27. Bd2 g5 28. Be1
Kh8 29. Kh2 gxh4 30. gxh4 Bg4 31. Nxg4 Nxg4+ 32. Kh1 Bf4 33. Bxg4 Qxg4 34. Rb3
Nh6 35. Qf3 Qg7 36. Nxf4 Rxf4 37. Qxf4 1-0

[Event "4NCL 2011-12"]
[Site "Sunningdale ENG"]
[Date "2012.02.11"]
[Round "5.62"]
[White "Pinter, Gabor"]
[Black "Hebden, Mark L"]
[Result "1/2-1/2"]
[WhiteTitle "IM"]
[BlackTitle "GM"]
[WhiteElo "2360"]
[BlackElo "2515"]
[WhiteTeam "Cambridge University"]
[BlackTeam "Cheddleton"]
[WhiteFideId "717371"]
[BlackFideId "400084"]
[EventDate "2011.11.12"]

1. e4 e5 2. Nf3 Nc6 3. Nc3 Nf6 4. Bb5 Nd4 5. Nxd4 exd4 6. e5 dxc3 7. exf6 Qxf6
8. dxc3 Bc5 9. Qe2+ Qe6 10. O-O Qxe2 11. Bxe2 a5 12. Re1 O-O 13. Bd3 d5 14. Be3
Bxe3 15. Rxe3 Be6 16. f4 Rfd8 17. Re5 Rd6 18. Rae1 h6 19. Kf2 Kf8 20. h3 c6 21.
g4 b5 22. a3 Rb8 23. b4 Bd7 24. f5 Ra8 25. R5e2 d4 26. c4 axb4 27. axb4 g6 28.
c5 Rf6 29. Re5 gxf5 30. gxf5 Ra4 31. Rb1 Ra3 32. Rf1 Be6 33. Ke2 Bc4 34. Rf4
Bxd3+ 35. cxd3 Ra2+ 36. Kf3 h5 37. Rxd4 Kg7 38. Rf4 Rh2 39. h4 Rh1 40. Ke4 Rb1
41. Kf3 Rh6 42. Re7 Rh8 43. f6+ Kg6 44. Rd4 Rf1+ 45. Ke3 Rxf6 46. Rc7 Re8+ 47.
Re4 Ra8 48. Rf4 Re8+ 49. Re4 Ree6 50. Rxe6 Rxe6+ 51. Kf4 Rf6+ 1/2-1/2

[Event "4NCL 2011-12"]
[Site "Sunningdale ENG"]
[Date "2012.02.11"]
[Round "5.63"]
[White "Arkell, Keith C"]
[Black "Moskovic, David M"]
[Result "1-0"]
[WhiteTitle "GM"]
[BlackTitle "FM"]
[WhiteElo "2418"]
[BlackElo "2324"]
[WhiteTeam "Cheddleton"]
[BlackTeam "Cambridge University"]
[WhiteFideId "400270"]
[BlackFideId "404535"]
[EventDate "2011.11.12"]

1. d4 Nf6 2. Nf3 g6 3. b4 Bg7 4. Bb2 d5 5. e3 c6 6. c4 O-O 7. Nbd2 Qb6 8. Qb3 a5
9. b5 a4 10. Qa3 dxc4 11. bxc6 Nxc6 12. Bxc4 Nb4 13. Rc1 Bf5 14. O-O Nc2 15. Qc3
a3 16. Ba1 Nxa1 17. Qxa1 Qb2 18. Rc3 b5 19. Bd3 Rfc8 20. Rb3 Qxa1 21. Rxa1 Bxd3
22. Rxd3 Rc2 23. Rb3 Rb2 24. Kf1 Nd5 25. Ke2 b4 26. Kd3 Nc3 27. Re1 e5 28. dxe5
Rd8+ 29. Nd4 Rxb3 30. axb3 a2 31. Ra1 Bxe5 32. Kc4 Ne2 33. N2f3 Bxd4 34. Nxd4
Nxd4 35. exd4 Rc8+ 36. Kxb4 Rc2 37. Ka3 Rxf2 38. Rxa2 Rf4 39. Rd2 Kf8 40. Kb4
Ke7 41. Kc5 Kd7 42. b4 Rf1 43. Ra2 Rc1+ 44. Kd5 1-0

[Event "4NCL 2011-12"]
[Site "Sunningdale ENG"]
[Date "2012.02.11"]
[Round "5.66"]
[White "Churm, Rohan M"]
[Black "Bellin, Robert"]
[Result "1/2-1/2"]
[BlackTitle "IM"]
[WhiteElo "2161"]
[BlackElo "2355"]
[WhiteTeam "Cambridge University"]
[BlackTeam "Cheddleton"]
[WhiteFideId "405566"]
[BlackFideId "400343"]
[EventDate "2011.11.12"]

1. e4 c5 2. Nc3 Nc6 3. g3 g6 4. Bg2 Bg7 5. d3 d6 6. Be3 Rb8 7. Qd2 b5 8. a3 Qa5
9. Nd1 Qxd2+ 10. Kxd2 Nf6 11. h3 Nd4 12. Nf3 Nd7 13. Rb1 a5 14. c3 Nb3+ 15. Kc2
a4 16. Nd2 Nxd2 17. Bxd2 Nb6 18. Ne3 Be6 19. Rbe1 Bb3+ 20. Kb1 e6 21. f4 O-O 22.
Rhf1 Rfd8 23. Nc2 e5 24. Rf2 Nd7 25. Bf1 f6 26. Ne3 Nb6 27. Bg2 exf4 28. Rxf4 d5
29. exd5 Nxd5 30. Nxd5 Bxd5 31. Bxd5+ Rxd5 32. Rf3 Rbd8 33. Kc2 Kf7 34. Re2 R8d7
35. Be1 Bf8 36. Bf2 Rc7 37. c4 bxc4 38. dxc4 Rd8 39. Be1 Rd6 1/2-1/2

[Event "4NCL 2011-12"]
[Site "Sunningdale ENG"]
[Date "2012.02.11"]
[Round "5.68"]
[White "Pickard, Charles"]
[Black "Steil-Antoni, Fiona"]
[Result "0-1"]
[BlackTitle "WIM"]
[WhiteElo "2125"]
[BlackElo "2104"]
[WhiteTeam "Cambridge University"]
[BlackTeam "Cheddleton"]
[WhiteFideId "470880"]
[BlackFideId "4001249"]
[EventDate "2011.11.12"]

1. c4 e6 2. g3 Nf6 3. Nf3 d5 4. Bg2 Be7 5. O-O O-O 6. b3 c5 7. cxd5 Nxd5 8. Bb2
Bf6 9. Bxf6 Qxf6 10. Na3 Nc6 11. Nc4 Rd8 12. Rc1 b6 13. d3 Ba6 14. Qd2 Rac8 15.
Ne3 Nxe3 16. fxe3 Qh6 17. a3 Na5 18. Rc3 c4 19. Ne5 f6 20. Nxc4 Bxc4 21. b4 Nb3
22. Qb2 Qxe3+ 23. Rf2 Bd5 24. Rxc8 Rxc8 25. Bxd5 Qc1+ 0-1

[Event "4NCL 2011-12"]
[Site "Sunningdale ENG"]
[Date "2012.02.11"]
[Round "5.71"]
[White "Sarakauskas, Gediminas"]
[Black "Turner, Matthew J"]
[Result "1/2-1/2"]
[WhiteTitle "IM"]
[BlackTitle "GM"]
[WhiteElo "2403"]
[BlackElo "2516"]
[WhiteTeam "Guildford 1"]
[BlackTeam "Barbican 4NCL 1"]
[WhiteFideId "12800724"]
[BlackFideId "402893"]
[EventDate "2011.11.12"]

1. e4 c5 2. Nf3 g6 3. d4 cxd4 4. c3 d3 5. Bxd3 Nc6 6. h3 Bg7 7. Bf4 d6 8. O-O
Nf6 9. Re1 O-O 10. Nbd2 Be6 11. Nb3 Rc8 12. Qd2 Na5 13. Nxa5 Qxa5 14. Bh6 Nd7
15. Qf4 Ne5 16. Bxg7 Kxg7 17. Nxe5 dxe5 18. Qe3 Rfd8 19. a4 Rd6 20. Bc2 Qb6 21.
Qxb6 Rxb6 22. Reb1 a5 23. Kf1 f5 24. Ke1 Kf6 25. Bd3 Bb3 26. exf5 gxf5 27. Ra3
Bd5 28. g3 f4 29. Bb5 Be6 30. h4 Rd6 31. Rd1 Rxd1+ 32. Kxd1 Kf5 33. Be2 Ke4 34.
Kd2 Rd8+ 35. Ke1 Rd6 36. b4 b6 37. c4 axb4 38. Rb3 fxg3 39. fxg3 Kd4 40. Rxb4
Bd7 41. c5+ Kxc5 42. Re4 Rd5 43. Bf3 Kd6 44. Rb4 e4 45. Rxe4 Re5 46. Kf2 Rxe4
47. Bxe4 h6 48. Bc2 Ke5 1/2-1/2

[Event "4NCL 2011-12"]
[Site "Sunningdale ENG"]
[Date "2012.02.11"]
[Round "5.72"]
[White "Collins, Sam E."]
[Black "Suarez Real, Alberto"]
[Result "1-0"]
[WhiteTitle "IM"]
[BlackTitle "FM"]
[WhiteElo "2426"]
[BlackElo "2387"]
[WhiteTeam "Barbican 4NCL 1"]
[BlackTeam "Guildford"]
[WhiteFideId "2501198"]
[BlackFideId "2218534"]
[EventDate "2011.11.12"]

1. e4 c5 2. c3 Nf6 3. e5 Nd5 4. d4 cxd4 5. Nf3 e6 6. cxd4 b6 7. Bd3 Ba6 8. O-O
Bxd3 9. Qxd3 Nc6 10. Nc3 Nxc3 11. bxc3 Be7 12. d5 exd5 13. Qxd5 O-O 14. Rd1 Qc7
15. Bf4 Rad8 16. Rd3 Na5 17. Nd4 Qc4 18. Qxc4 Nxc4 19. Nf5 Bc5 20. Rg3 f6 21.
Rxg7+ Kh8 22. exf6 Rxf6 23. Rg5 Re8 24. Kf1 Re4 25. g3 Rfe6 26. Rd1 d6 27. Nh6
Rxh6 28. Rxc5 bxc5 29. Bxh6 Kg8 30. Rb1 Kf7 31. Bf4 Re7 32. h4 Rd7 33. Ke2 d5
34. Rb5 d4 35. Kd3 1-0

[Event "4NCL 2011-12"]
[Site "Sunningdale ENG"]
[Date "2012.02.11"]
[Round "5.73"]
[White "Wall, Gavin"]
[Black "D'Costa, Lorin A R"]
[Result "0-1"]
[WhiteTitle "IM"]
[BlackTitle "IM"]
[WhiteElo "2330"]
[BlackElo "2409"]
[WhiteTeam "Guildford 1"]
[BlackTeam "Barbican 4NCL 1"]
[WhiteFideId "2501244"]
[BlackFideId "409219"]
[EventDate "2011.11.12"]

1. e4 c5 2. Nf3 e6 3. c3 Nf6 4. e5 Nd5 5. Na3 Nc6 6. Nc4 b5 7. Nd6+ Bxd6 8. exd6
Qb6 9. Qe2 a6 10. a4 b4 11. c4 Nf6 12. d3 Qb8 13. Bf4 Nh5 14. Qe3 O-O 15. d4 b3
16. Bg3 cxd4 17. Nxd4 Qb4+ 18. Kd1 Nxg3 19. hxg3 Qxd6 20. Bd3 f5 21. Nxb3 Rb8
22. Ra3 Ne5 23. Ke2 Bb7 24. f3 Nxd3 25. Qxd3 Qxg3 26. Kf1 Bc6 27. Qc3 e5 28. Nc5
e4 29. Rh3 Qd6 30. b4 a5 0-1

[Event "4NCL 2011-12"]
[Site "Sunningdale ENG"]
[Date "2012.02.11"]
[Round "5.74"]
[White "Ferguson, Mark"]
[Black "Thompson, Ian D"]
[Result "1-0"]
[WhiteTitle "IM"]
[BlackTitle "FM"]
[WhiteElo "2374"]
[BlackElo "2281"]
[WhiteTeam "Barbican 4NCL 1"]
[BlackTeam "Guildford 2"]
[WhiteFideId "403547"]
[BlackFideId "405205"]
[EventDate "2011.11.12"]

1. e4 e6 2. d4 d5 3. Nd2 Nf6 4. e5 Nfd7 5. c3 c5 6. Bd3 Nc6 7. Ne2 cxd4 8. cxd4
f6 9. exf6 Nxf6 10. Nf3 Bd6 11. O-O Qb6 12. b3 O-O 13. Bf4 Bxf4 14. Nxf4 Bd7 15.
g3 Kh8 16. Bc2 Rac8 17. Re1 Nb4 18. Bb1 Qc7 19. a3 Nc2 20. Bxc2 Qxc2 21. Ne5 g5
22. Nfd3 Bb5 23. Nc5 Rxc5 24. dxc5 Qxc5 25. Qc1 b6 26. Qxc5 bxc5 27. Rac1 Ne4
28. f3 Nd2 29. Rxc5 a6 30. Rc7 Nxf3+ 31. Nxf3 Rxf3 32. Rxe6 Rxb3 33. Ree7 Rb1+
34. Kg2 Rb2+ 35. Kf3 g4+ 36. Kxg4 1-0

[Event "4NCL 2011-12"]
[Site "Sunningdale ENG"]
[Date "2012.02.11"]
[Round "5.75"]
[White "Sharpe, Ian W"]
[Black "Cox, John J"]
[Result "0-1"]
[BlackTitle "IM"]
[WhiteElo "2236"]
[BlackElo "2423"]
[WhiteTeam "Guildford 2"]
[BlackTeam "Barbican 4NCL 1"]
[WhiteFideId "411973"]
[BlackFideId "401064"]
[EventDate "2011.11.12"]

1. e4 e5 2. Nf3 Nc6 3. Bb5 Nf6 4. d3 Bc5 5. O-O Nd4 6. Nxd4 Bxd4 7. c3 Bb6 8.
Nd2 c6 9. Ba4 d6 10. Nf3 O-O 11. h3 h6 12. Re1 Re8 13. Bc2 Nd7 14. Nh2 Nf8 15.
Qf3 Ng6 16. Bb3 Be6 17. Ng4 Bxb3 18. axb3 Qe7 19. Ne3 Bxe3 20. Bxe3 c5 21. Qg4
a6 22. g3 Qe6 23. Ra3 Ne7 24. Qxe6 fxe6 25. Raa1 Nc6 26. f4 exf4 27. gxf4 Rf8
28. Re2 Kh7 29. Kh2 g6 30. Rg2 e5 31. f5 gxf5 32. Rag1 Rg8 33. exf5 Rxg2+ 34.
Rxg2 Ne7 35. Rf2 Rf8 36. Bd2 Rxf5 37. Rxf5 Nxf5 38. Kg2 Kg6 39. Kf3 d5 40. Be1
Kf6 41. Bf2 b6 42. b4 cxb4 43. Bxb6 b3 44. c4 dxc4 45. dxc4 Nd6 46. c5 Nc4 47.
Ke4 Ke6 0-1

[Event "4NCL 2011-12"]
[Site "Sunningdale ENG"]
[Date "2012.02.11"]
[Round "5.76"]
[White "Knott, Simon J B"]
[Black "Hunt, Daniel"]
[Result "1/2-1/2"]
[WhiteTitle "IM"]
[WhiteElo "2332"]
[BlackElo "2043"]
[WhiteTeam "Barbican 4NCL 1"]
[BlackTeam "Guildford"]
[WhiteFideId "400645"]
[BlackFideId "468568"]
[EventDate "2011.11.12"]

1. Nf3 Nf6 2. c4 g6 3. Nc3 d5 4. cxd5 Nxd5 5. e4 Nxc3 6. dxc3 Qxd1+ 7. Kxd1 Bg4
8. Bf4 c6 9. Kc2 Nd7 10. Nd2 e5 11. Be3 Bc5 12. Bxc5 Nxc5 13. b4 Nd7 14. f3 Be6
15. Bc4 Ke7 16. a4 a5 17. Bxe6 Kxe6 18. Nc4 axb4 19. cxb4 b5 20. axb5 cxb5 21.
Na5 Rhc8+ 22. Kb3 Rc7 23. Rhc1 Rac8 24. Rxc7 Rxc7 25. Ra2 f5 26. Rc2 1/2-1/2

[Event "4NCL 2011-12"]
[Site "Sunningdale ENG"]
[Date "2012.02.11"]
[Round "5.77"]
[White "Sarakauskiene, Zivile"]
[Black "Piper, Matthew S"]
[Result "0-1"]
[WhiteTitle "WIM"]
[WhiteElo "2191"]
[BlackElo "2341"]
[WhiteTeam "Guildford 2"]
[BlackTeam "Barbican 4NCL"]
[WhiteFideId "12800864"]
[BlackFideId "401463"]
[EventDate "2011.11.12"]

1. e4 e5 2. Nf3 Nc6 3. d4 exd4 4. Bc4 Bc5 5. c3 Nf6 6. e5 d5 7. Bb5 Ne4 8. cxd4
Bb6 9. h3 O-O 10. Nc3 Ne7 11. O-O c5 12. Na4 cxd4 13. Nxb6 Qxb6 14. Nxd4 Ng6 15.
f4 Nh4 16. Be3 Nxg2 17. Kxg2 Qg6+ 18. Kh1 a6 19. Bd3 Bxh3 20. Bxe4 Qxe4+ 21. Qf3
Bxf1 22. Qxe4 dxe4 23. Rxf1 Rac8 24. Rf2 Rfd8 25. Kg2 Rc4 26. Rd2 Rd5 27. Kf2 h6
28. b3 Rc3 29. Ke2 g5 30. fxg5 hxg5 31. Bxg5 Rxe5 32. Bf4 Rd5 33. Nc2 Rcd3 34.
Nb4 Rxd2+ 35. Bxd2 Rh5 36. Ke3 f5 37. Nd5 Rh3+ 38. Ke2 Kf7 39. Nf4 Rh1 40. Bc3
Rh2+ 41. Ke3 Rxa2 42. Ne2 Kg6 43. Be5 Kg5 44. Nd4 Kg4 45. Bc7 Rb2 46. Bd6 Rb1
47. b4 Rd1 48. Bc5 Rd3+ 49. Ke2 f4 50. Nc2 Rh3 51. Kd2 Rd3+ 52. Ke2 f3+ 53. Ke1
Kf4 0-1

[Event "4NCL 2011-12"]
[Site "Sunningdale ENG"]
[Date "2012.02.11"]
[Round "5.78"]
[White "Lauterbach, Ingrid"]
[Black "Granat, Russell G"]
[Result "1/2-1/2"]
[WhiteTitle "WIM"]
[WhiteElo "2075"]
[BlackElo "2213"]
[WhiteTeam "Barbican 4NCL 1"]
[BlackTeam "Guildford 2"]
[WhiteFideId "405221"]
[BlackFideId "401714"]
[EventDate "2011.11.12"]

1. Nf3 d5 2. d4 Bf5 3. c4 e6 4. Nc3 Nc6 5. cxd5 exd5 6. Bf4 Nf6 7. e3 Bb4 8. Bb5
Ne4 9. Qa4 Bxc3+ 10. bxc3 Bd7 11. Qb3 O-O 12. Bd3 Bc8 13. Qc2 Re8 14. O-O h6 15.
Nd2 Bf5 16. Nxe4 dxe4 17. Bb5 Bd7 18. Rab1 Na5 19. Bxd7 Qxd7 20. c4 b6 21. c5 b5
22. c6 Nxc6 23. Rfc1 Ne7 24. Qxc7 Qxc7 25. Bxc7 a6 26. Rc5 Rec8 27. Rbc1 Ra7 28.
Ba5 Rxc5 29. Rxc5 f6 30. f3 exf3 31. gxf3 Kf7 32. e4 Ke6 33. d5+ Kd7 34. Kf2 Ng6
35. Rc1 Ne5 36. Rg1 g5 37. h4 Ra8 38. hxg5 fxg5 39. Rh1 Rf8 40. Ke2 g4 41. fxg4
Nxg4 42. Bd2 Re8 43. Kf3 Ne5+ 44. Kf4 Nc4 45. Bb4 a5 46. Bc5 Rc8 47. Bd4 Rf8+
48. Kg4 Rg8+ 49. Kf3 Rf8+ 50. Ke2 Rf4 51. Rxh6 Rxe4+ 52. Kd3 Rg4 53. Rh7+ Kd6
54. Rh6+ Kd7 55. Rh7+ Kd6 56. Rh6+ Kd7 1/2-1/2

[Event "4NCL 2011-12"]
[Site "Sunningdale ENG"]
[Date "2012.02.11"]
[Round "5.81"]
[White "Emms, John M"]
[Black "Williams, Simon K"]
[Result "0-1"]
[WhiteTitle "GM"]
[BlackTitle "GM"]
[WhiteElo "2484"]
[BlackElo "2513"]
[WhiteTeam "Wood Green Hilsmark 1"]
[BlackTeam "Jutes of Kent"]
[WhiteFideId "400254"]
[BlackFideId "404454"]
[EventDate "2011.11.12"]

1. e4 c5 2. Nf3 d6 3. d4 cxd4 4. Nxd4 Nf6 5. Nc3 Nc6 6. Bc4 e6 7. Be3 a6 8. Bb3
Qc7 9. f4 Na5 10. f5 Nc4 11. Bxc4 Qxc4 12. Qf3 e5 13. Nb3 b5 14. O-O-O a5 15.
Nd2 Qc6 16. Bg5 b4 17. Nd5 Nxd5 18. exd5 Qd7 19. Rhf1 a4 20. Kb1 Ba6 21. Rfe1 f6
22. Bh4 Be7 23. Qh5+ Kf8 24. Ne4 Bc4 25. Qg4 Qb5 26. Re3 Rg8 27. Rg3 Be2 0-1

[Event "4NCL 2011-12"]
[Site "Sunningdale ENG"]
[Date "2012.02.11"]
[Round "5.82"]
[White "Galego, Luis"]
[Black "McDonald, Neil"]
[Result "1/2-1/2"]
[WhiteTitle "GM"]
[BlackTitle "GM"]
[WhiteElo "2482"]
[BlackElo "2457"]
[WhiteTeam "Jutes of Kent"]
[BlackTeam "Wood Green Hilsmark 1"]
[WhiteFideId "1900072"]
[BlackFideId "400629"]
[EventDate "2011.11.12"]

1. e4 e6 2. d4 d5 3. exd5 exd5 4. Nf3 Nc6 5. h3 Nf6 6. c4 Bb4+ 7. Nc3 Ne4 8. Qc2
Qe7 9. Be3 Bf5 10. Qc1 Nxc3 11. bxc3 Ba3 12. Qd2 Nb4 13. cxd5 Nc2+ 14. Kd1 Nxa1
15. Bd3 Bxd3 16. Qxd3 O-O-O 17. Ke2 Rxd5 18. Rxa1 Rhd8 19. Rb1 f6 20. Qxh7 f5
21. c4 Ra5 22. d5 f4 23. Qf5+ Kb8 24. Nd4 Bb4 25. Qxf4 Rxa2+ 26. Kf1 Rf8 27. Qg3
Qe4 28. Rxb4 Ra1+ 29. Ke2 Ra2+ 30. Kf1 Ra1+ 31. Ke2 Ra2+ 1/2-1/2

[Event "4NCL 2011-12"]
[Site "Sunningdale ENG"]
[Date "2012.02.11"]
[Round "5.83"]
[White "Bae, Torstein"]
[Black "Thorfinnsson, Bragi"]
[Result "1/2-1/2"]
[WhiteTitle "IM"]
[BlackTitle "IM"]
[WhiteElo "2419"]
[BlackElo "2421"]
[WhiteTeam "Wood Green Hilsmark"]
[BlackTeam "Jutes of Kent"]
[WhiteFideId "1501887"]
[BlackFideId "2300958"]
[EventDate "2011.11.12"]

1. e4 c6 2. d4 d5 3. exd5 cxd5 4. c4 Nf6 5. Nc3 Nc6 6. Nf3 g6 7. cxd5 Nxd5 8.
Bc4 Nb6 9. Bb3 Bg7 10. d5 Na5 11. O-O O-O 12. Bg5 h6 13. Bf4 Bg4 14. h3 Bxf3 15.
Qxf3 Nac4 16. Qe2 Rc8 17. Rad1 Kh7 18. Bc1 Nd6 19. Nb5 a6 20. Nc3 Nf5 21. Ne4
Qc7 22. Bd2 Nd4 23. Qd3 Nxb3 24. Qxb3 Nc4 25. Bc3 Nd6 26. Bxg7 1/2-1/2

[Event "4NCL 2011-12"]
[Site "Sunningdale ENG"]
[Date "2012.02.11"]
[Round "5.84"]
[White "Gretarsson, Hjorvar Steinn"]
[Black "Houska, Jovanka"]
[Result "1-0"]
[WhiteTitle "FM"]
[BlackTitle "IM"]
[WhiteElo "2452"]
[BlackElo "2415"]
[WhiteTeam "Jutes of Kent"]
[BlackTeam "Wood Green Hilsmark"]
[WhiteFideId "2302241"]
[BlackFideId "405094"]
[EventDate "2011.11.12"]

1. d4 d5 2. c4 c6 3. Nf3 Nf6 4. Nc3 a6 5. a4 e6 6. g3 Bb4 7. Bg2 Nbd7 8. O-O O-O
9. Qb3 a5 10. Bf4 b6 11. Ne5 Nxe5 12. Bxe5 Ba6 13. cxd5 cxd5 14. Nb5 Qd7 15. Nc7
Ra7 16. Nxa6 Rxa6 17. Rfc1 Rc8 18. Rc2 Raa8 19. Rac1 Rxc2 20. Qxc2 b5 21. axb5
Qxb5 22. Bxf6 gxf6 23. e4 dxe4 24. Bxe4 Rd8 25. d5 exd5 26. Bxh7+ Kg7 27. Bd3
Qd7 28. Bf5 Qb5 29. Qd1 Bd6 30. Qh5 Rh8 31. Qg4+ Kh6 32. Re1 Qb4 33. Qd1 Be5 34.
Re2 Rd8 35. Qc1+ Kg7 36. Rxe5 d4 37. Re4 1-0

[Event "4NCL 2011-12"]
[Site "Sunningdale ENG"]
[Date "2012.02.11"]
[Round "5.85"]
[White "Martin, Andrew D"]
[Black "Stebbings, Anthony J"]
[Result "1-0"]
[WhiteTitle "IM"]
[WhiteElo "2399"]
[BlackElo "2241"]
[WhiteTeam "Wood Green Hilsmark"]
[BlackTeam "Jutes of Kent"]
[WhiteFideId "400300"]
[BlackFideId "402427"]
[EventDate "2011.11.12"]

1. d4 Nf6 2. c4 e6 3. Nf3 Bb4+ 4. Nc3 c5 5. e3 Nc6 6. Bd3 Bxc3+ 7. bxc3 d6 8. e4
e5 9. d5 Ne7 10. Nh4 h6 11. f4 Ng6 12. Nxg6 fxg6 13. O-O O-O 14. Rb1 b6 15. f5
gxf5 16. exf5 Rb8 17. Rb2 Rb7 18. g4 Nh7 19. Qe1 Rbf7 20. Qg3 Qe8 21. Rbf2 Kh8
22. h4 h5 23. g5 e4 24. Be2 Rxf5 25. Qxd6 Rxf2 26. Rxf2 e3 27. Rxf8+ Nxf8 28.
Qf4 Ng6 29. Qxe3 Qxe3+ 30. Bxe3 Nxh4 31. Bxh5 Nf5 32. Bf4 Bb7 33. Kf2 b5 34. Be8
bxc4 35. d6 1-0

[Event "4NCL 2011-12"]
[Site "Sunningdale ENG"]
[Date "2012.02.11"]
[Round "5.86"]
[White "Harakis, Alexis M"]
[Black "Greet, Andrew N"]
[Result "0-1"]
[BlackTitle "IM"]
[WhiteElo "2220"]
[BlackElo "2449"]
[WhiteTeam "Jutes of Kent"]
[BlackTeam "Wood Green Hilsmark 2"]
[WhiteFideId "403954"]
[BlackFideId "405817"]
[EventDate "2011.11.12"]

1. d4 d5 2. Nf3 c5 3. Bf4 cxd4 4. Bxb8 Qa5+ 5. c3 Rxb8 6. Qxd4 Nf6 7. e3 e6 8.
Nbd2 a6 9. Bd3 Qc7 10. O-O b5 11. Rfe1 Bb7 12. a4 Bc5 13. Qh4 Bc6 14. axb5 axb5
15. Nd4 Bd7 16. e4 Be7 17. exd5 Nxd5 18. Qg4 g6 19. Qf3 O-O 20. Be4 Nb6 21. Bc6
Nc4 22. Nxc4 bxc4 23. Bxd7 Qxd7 24. Nc6 Rb6 25. Ne5 Qc7 26. Ra8 Bd6 27. Ng4 Rxa8
28. Qxa8+ Kg7 29. Qf3 f5 30. Ne3 Bxh2+ 31. Kh1 Bf4 32. Nc2 Be5 33. Na3 Rxb2 34.
Qe3 Bf6 35. Qxe6 Qf4 36. Qd7+ Kh6 37. Re3 Rxf2 38. Rh3+ Kg5 0-1

[Event "4NCL 2011-12"]
[Site "Sunningdale ENG"]
[Date "2012.02.11"]
[Round "5.87"]
[White "Bjerke, Silje"]
[Black "Rich, Mark C"]
[Result "1/2-1/2"]
[WhiteTitle "WIM"]
[BlackTitle "CM"]
[WhiteElo "2219"]
[BlackElo "2107"]
[WhiteTeam "Wood Green Hilsmark"]
[BlackTeam "Jutes of Kent"]
[WhiteFideId "1502786"]
[BlackFideId "406724"]
[EventDate "2011.11.12"]

1. e4 c5 2. Nf3 a6 3. c3 d5 4. exd5 Qxd5 5. d4 Nc6 6. Be2 cxd4 7. cxd4 e6 8. Nc3
Qd8 9. O-O Nf6 10. Bg5 Be7 11. Re1 O-O 12. Rc1 Nd5 13. Bxe7 Ncxe7 14. Ne4 b6 15.
Bd3 h6 16. Bb1 Nf4 17. Qc2 f5 18. Ned2 Bb7 19. Qc7 Bxf3 20. Qxd8 Rfxd8 21. Nxf3
Rd6 22. g3 Nfd5 23. Bd3 b5 24. a3 Nc6 25. Bb1 g5 26. Ba2 Rad8 27. Bxd5 exd5 28.
Rcd1 Rc8 29. Ne5 Kg7 30. Nxc6 Rcxc6 31. Re5 Kf6 32. Rd2 Rc4 33. f4 g4 34. Kf2 h5
35. Ke3 a5 36. Kd3 Rc7 37. Rc2 Rxc2 38. Kxc2 Rc6+ 39. Kd2 Rd6 40. Kd3 Rd8 41.
Re2 Rc8 1/2-1/2

[Event "4NCL 2011-12"]
[Site "Sunningdale ENG"]
[Date "2012.02.11"]
[Round "5.88"]
[White "Wilson, Alexandra"]
[Black "Hegarty, Sarah N"]
[Result "1/2-1/2"]
[WhiteTitle "WFM"]
[BlackTitle "WFM"]
[WhiteElo "2040"]
[BlackElo "2060"]
[WhiteTeam "Jutes of Kent"]
[BlackTeam "Wood Green Hilsmark"]
[WhiteFideId "411000"]
[BlackFideId "2501465"]
[EventDate "2011.11.12"]

1. f4 Nf6 2. e3 d5 3. Nf3 g6 4. Be2 Bg7 5. O-O c5 6. d3 O-O 7. Qe1 Nc6 8. Qh4
Qc7 9. Nbd2 b6 10. e4 dxe4 11. Nxe4 Nd4 12. Bd1 Nxf3+ 13. Bxf3 Nxe4 14. Bxe4 Bb7
15. f5 Bxe4 16. Qxe4 Qe5 17. Qxe5 Bxe5 18. Bh6 Rfd8 19. Rae1 Bd4+ 20. Kh1 Bf6
21. b3 b5 22. Re4 Rd5 23. g4 gxf5 24. Rxf5 Rxf5 25. gxf5 Rd8 26. Rg4+ Kh8 27.
Kg2 Rd5 28. Rf4 Rd6 29. Rg4 Rd5 30. Rf4 Re5 31. Kf2 a6 32. a4 Rd5 33. axb5 axb5
34. Ke3 Rd6 35. Ke4 Bb2 36. Rh4 Rd4+ 1/2-1/2